Open Data Biblioteca Nacional de Portugal


República Portuguesa: Ministério da Cultura
Biblioteca Nacional de Portugal

Catálogo da BNP: acesso por Identificadores Unívocos
Registos Bibliográficos associados ao registo de autoridade

Etiqueta de registo: 00000nam 2200025 450
001 2279585
003 http://id.bnportugal.gov.pt/bib/catbnp/2279585
100 ## $a20260312d2025 k y0pory01030103ba
101 0# $apor$deng
102 ## $aPT
105 ## $aa m 000yy
106 ## $ar
200 1# $aÓcio e juventude - consumo de videoclipe musicais em contexto de conexão digital$fMaria Joana Fernandes Alves Pereira$gorient. Maria Manuel Baptista, Hélder Isayama
210 #9 $aAveiro$c[s.n.],$d2025
215 ## $a[8], 191, [8] p.$cil.$d30 cm
328 #1 $aTese dout. Estudos Culturais, Universidade de Aveiro, 2025
675 ## $a778.5(043)$vBN$zpor$31600166
675 ## $a004.7(043)$vBN$zpor$3918097
675 ## $a379.8-053.6(043)$vBN$zpor$31993324
700 #1 $aPereira,$bMaria Joana Fernandes Alves$31990962
702 #1 $aBaptista,$bMaria Manuel,$f1964-$4727$31142799
702 #1 $aIsayama,$bHélder$4727$31990966
801 #0 $aPT$bBN$gRPC
966 ## $lBN$mFGMON$sS.C. 168768 V.$x1
971 ## $corlando$d20260312
972 ## $e0$z0$d20260410$vlrevez
973 ## $cigoulao$d20260324

OpendataBNP@bnportugal.pt | Mais informação sobre acesso aos dados BNP